[Event "Tournament 14471 - Europe Echecs"]
[Site "Europe Echecs"]
[Date "2020.07.09"]
[Round "4"]
[Time "15:35:07"]
[PlyCount "158"]
[White "PernotMael"]
[Black "BocheMathis"]
[WhiteElo "1407"]
[BlackElo "1099"]
[Mode "WEB"]
[Result "1/2-1/2"]

1. e4 e6 2. d4 d5 3. exd5 exd5 4. Nc3 Nf6 5. Bg5 Be7 6. Nf3 Bg4 7. Be2 Bxf3 8.
Bxf3 c6 9. O-O O-O 10. Re1 Nbd7 11. Qd3 Bb4 12. a3 Bxc3 13. Qxc3 Re8 14. Rxe8+
Qxe8 15. Re1 Qf8 16. h3 Re8 17. Rd1 Re6 18. Qb3 Qb8 19. g3 Re8 20. Bf4 Qa8 21.
c4 dxc4 22. Qxc4 Nb6 23. Qb3 Qd8 24. a4 a5 25. Bg5 Re6 26. Bg4 Rd6 27. Bh5 g6
28. Bf3 Kg7 29. Bg4 Rxd4 30. Rxd4 Qxd4 31. Bf3 Nfd5 32. Kg2 h6 33. Bxd5 Qxd5+
34. Qxd5 Nxd5 35. Bd2 b6 36. Kf3 f5 37. g4 h5 38. Kg3 Kf6 39. g5+ Ke6 40. h4 Ke5
41. Kf3 Kd4 42. Ke2 Kc4 43. Kd1 Kb3 44. Kc1 Kxa4 45. Kc2 Kb5 46. Kd3 Kc5 47. Kc2
Nb4+ 48. Kb3 Nd3 49. Kc3 Nxf2 50. Be3+ Kd5 51. Bxf2 b5 52. b3 Ke5 53. Kd3 a4 54.
Bg3+ Kd5 55. bxa4 bxa4 56. Bc7 c5 57. Bf4 c4+ 58. Kc3 Ke4 59. Bg3 a3 60. Bd6 Kf3
61. Bxa3 Kg4 62. Kxc4 Kxh4 63. Be7 Kg4 64. Kd3 f4 65. Ke2 h4 66. Kf2 h3 67. Kg1
Kf3 68. Kh2 Kg4 69. Bd8 f3 70. Bb6 Kxg5 71. Kxh3 Kf4 72. Kh2 g5 73. Kg1 g4 74.
Kf2 g3+ 75. Kf1 Kg4 76. Bc7 f2 77. Kg2 Kh4 78. Bxg3+ Kg4 79. Bxf2 {Aucun joueur n'a le mat&eacute;riel pour mater} 1/2-1/2

[Event "Tournament 14471 - Europe Echecs"]
[Site "Europe Echecs"]
[Date "2020.07.09"]
[Round "4"]
[Time "15:35:07"]
[PlyCount "107"]
[White "NavilleLea"]
[Black "MoellerJoshua"]
[WhiteElo "1288"]
[BlackElo "1486"]
[Mode "WEB"]
[Result "0-1"]

1. d4 Nf6 2. Bf4 b6 3. e3 Bb7 4. Nf3 e6 5. c4 Bb4+ 6. Nc3 Ne4 7. Qc2 d5 8. Bd3
Nxc3 9. bxc3 dxc4 10. Bxc4 Bxf3 11. gxf3 Bd6 12. Bg3 O-O 13. Qe4 Nd7 14. Bxd6
cxd6 15. Rg1 Nf6 16. Qh4 d5 17. Bd3 g6 18. Qg5 Ne8 19. Qh6 Qf6 20. Ke2 Rc8 21.
Rac1 Nd6 22. h4 Qg7 23. Qf4 Nc4 24. h5 b5 25. hxg6 fxg6 26. Qg4 Qf7 27. Rh1 Rc6
28. Rh3 e5 29. Qh4 e4 30. Bb1 exf3+ 31. Ke1 Rc7 32. Qh6 Qg7 33. Qh4 g5 34. Qg4
h6 35. Rxf3 Rxf3 36. Qxf3 Qf7 37. Qh1 Kg7 38. Ke2 Nd6 39. Qh2 Ne4 40. Bxe4 dxe4
41. Rh1 Qxa2+ 42. Kf1 Rc6 43. Qe5+ Rf6 44. Qe7+ Qf7 45. Qxe4 Rxf2+ 46. Ke1 Rf5
47. Qc6 Qf6 48. Qd7+ Kg6 49. Qxa7 Qe6 50. Ke2 Qc4+ 51. Kd2 Rf2+ 52. Kd1 Qe2+ 53.
Kc1 Qc2# {NavilleLea est échec et mat} 0-1

[Event "Tournament 14471 - Europe Echecs"]
[Site "Europe Echecs"]
[Date "2020.07.09"]
[Round "4"]
[Time "15:35:07"]
[PlyCount "109"]
[White "DygasArthur"]
[Black "RavenelTangi"]
[WhiteElo "1143"]
[BlackElo "1463"]
[Mode "WEB"]
[Result "0-1"]

1. c4 c5 2. Nc3 Nc6 3. g3 g6 4. Bg2 Bg7 5. e3 e6 6. Nge2 Nge7 7. O-O O-O 8. b3
d5 9. Bb2 Rb8 10. Qc2 Nb4 11. Qb1 b6 12. a3 Nbc6 13. Nb5 a6 14. Bxg7 Kxg7 15.
Nbc3 Bb7 16. Qb2 Kg8 17. d4 dxc4 18. bxc4 cxd4 19. Nxd4 Nxd4 20. Bxb7 Rxb7 21.
Rfd1 Rd7 22. exd4 Rxd4 23. Qb3 Nc6 24. Ne2 Rxd1+ 25. Rxd1 Qc7 26. Nd4 Na5 27.
Qc2 Qxc4 28. Qxc4 Nxc4 29. a4 Rd8 30. Kf1 Nb2 31. Rb1 Nxa4 32. Nc6 Rd2 33. Ra1
b5 34. Nb8 a5 35. Rb1 Nc3 36. Rb3 Rd1+ 37. Kg2 b4 38. Nc6 Ra1 39. Kf3 Kf8 40.
Ke3 Nd5+ 41. Kd3 a4 42. Rb2 a3 43. Rb3 a2 44. Kc2 Rf1 45. Nxb4 a1=Q 46. Nxd5
exd5 47. Rb8+ Kg7 48. Kd3 Qa4 49. Rd8 Rxf2 50. Rxd5 Qd1+ 51. Kc4 Rc2+ 52. Kb5
Qxd5+ 53. Kb6 Qb3+ 54. Ka7 Ra2# {DygasArthur est échec et mat} 0-1

[Event "Tournament 14471 - Europe Echecs"]
[Site "Europe Echecs"]
[Date "2020.07.09"]
[Round "4"]
[Time "15:35:07"]
[PlyCount "62"]
[White "DupuisEsteban"]
[Black "DecultotJacque"]
[WhiteElo "1234"]
[BlackElo "1404"]
[Mode "WEB"]
[Result "1-0"]

1. e4 c5 2. c3 Nc6 3. d4 cxd4 4. cxd4 d6 5. Nc3 Nf6 6. Bb5 Bd7 7. Nf3 a6 8. Bc4
e6 9. Bg5 b5 10. Bb3 h6 11. Bh4 g5 12. Bg3 Rc8 13. a3 Be7 14. h3 Na5 15. Bc2 Nc4
16. Qc1 Qb6 17. Bd3 d5 18. e5 Nh7 19. Qc2 f6 20. Bxh7 f5 21. Bg6+ Kf8 22. Bh5 b4
23. axb4 Bxb4 24. O-O Kg7 25. Nd2 Na3 26. Rxa3 Bxa3 27. bxa3 Qxd4 28. Ndb1 g4
29. hxg4 fxg4 30. Qg6+ Kf8 31. Qf7# {DecultotJacque est échec et mat} 1-0

[Event "Tournament 14471 - Europe Echecs"]
[Site "Europe Echecs"]
[Date "2020.07.09"]
[Round "4"]
[Time "15:35:07"]
[PlyCount "41"]
[White "DebiasSaidAdri"]
[Black "RoumeguereGabi"]
[WhiteElo "1125"]
[BlackElo "1365"]
[Mode "WEB"]
[Result "0-1"]

1. e4 c5 2. Nf3 Nc6 3. d4 cxd4 4. Nxd4 e5 5. Nxc6 dxc6 6. Qxd8+ Kxd8 7. Bc4 Ke7
8. Bg5+ f6 9. Bh4 Be6 10. Bxe6 Kxe6 11. O-O Ne7 12. Nc3 Ng6 13. Bg3 Bb4 14. Ne2
Rad8 15. Rad1 Be7 16. f4 exf4 17. Bxf4 Bc5+ 18. Kh1 Nxf4 19. Rxf4 Rxd1+ 20. Ng1
Rxg1# {DebiasSaidAdri est échec et mat} 0-1

[Event "Tournament 14471 - Europe Echecs"]
[Site "Europe Echecs"]
[Date "2020.07.09"]
[Round "4"]
[Time "15:35:07"]
[PlyCount "110"]
[White "MeyssirelTom"]
[Black "GheorghinFelix"]
[WhiteElo "1333"]
[BlackElo "1310"]
[Mode "WEB"]
[Result "1-0"]

1. c4 e5 2. Nc3 Nc6 3. g3 d6 4. Bg2 Bd7 5. e3 Nf6 6. h3 g6 7. Nge2 Bg7 8. O-O
O-O 9. d4 exd4 10. exd4 Re8 11. Re1 Re7 12. Rb1 Qe8 13. Bg5 Bf5 14. Ra1 h6 15.
Bxf6 Bxf6 16. Nd5 Bg7 17. Nxe7+ Qxe7 18. a3 Qd7 19. Kh2 Re8 20. Qd2 Be4 21. Rad1
Bxg2 22. Kxg2 h5 23. b4 d5 24. c5 Qf5 25. b5 Nd8 26. Nf4 Rxe1 27. Rxe1 Ne6 28.
Nxe6 fxe6 29. Qe3 Kf7 30. Rb1 e5 31. Re1 e4 32. Rb1 Qf6 33. Rd1 Ke6 34. a4 c6
35. bxc6 bxc6 36. Qe2 Qf7 37. Kg1 Qf3 38. Qxf3 exf3 39. g4 hxg4 40. hxg4 g5 41.
Kh2 Kf6 42. Kg3 Ke6 43. Kxf3 Kf6 44. Ke3 Ke6 45. Rb1 Kd7 46. Rb7+ Ke6 47. Rxg7
Kf6 48. Rxa7 Ke6 49. Rb7 Kf6 50. a5 Ke6 51. a6 Kf6 52. a7 Ke6 53. a8=Q Kf6 54.
Qf8+ Ke6 55. Re7# {GheorghinFelix est échec et mat} 1-0

[Event "Tournament 14471 - Europe Echecs"]
[Site "Europe Echecs"]
[Date "2020.07.09"]
[Round "4"]
[Time "15:35:07"]
[PlyCount "102"]
[White "BaderAntoine"]
[Black "CaullychurnEth"]
[WhiteElo "1330"]
[BlackElo "1125"]
[Mode "WEB"]
[Result "1-0"]

1. e4 d5 2. exd5 Qxd5 3. Nc3 Qd6 4. d4 c6 5. Nf3 Bg4 6. Be2 Nf6 7. h3 Bxf3 8.
Bxf3 Nbd7 9. O-O O-O-O 10. Be3 Nb6 11. Bg4+ e6 12. Ne2 Nfd5 13. c4 Nxe3 14. fxe3
f5 15. Bxf5 exf5 16. c5 Qe6 17. cxb6 Qxe3+ 18. Kh1 axb6 19. Rxf5 Bc5 20. Rf3 Qe6
21. Rd3 Bd6 22. Ng1 Rhe8 23. Nf3 Bf4 24. Qe1 Qc4 25. Qf1 g5 26. b3 Qd5 27. Re1
Rxe1 28. Qxe1 Kd7 29. Ne5+ Bxe5 30. Qxe5 Re8 31. Qxd5+ cxd5 32. Rd2 Re1+ 33. Kh2
Ke6 34. g4 Kd6 35. Kg2 Kc6 36. a4 b5 37. Rc2+ Kb6 38. axb5 Kxb5 39. Rc5+ Kb4 40.
Rxd5 Re2+ 41. Kf3 Re7 42. Rxg5 Kxb3 43. Re5 Rf7+ 44. Ke4 Kc4 45. Rc5+ Kb4 46.
Rf5 Re7+ 47. Re5 Rf7 48. d5 b5 49. d6 Kc3 50. Rxb5 Rf3 51. Kxf3 {CaullychurnEth a abandonné} 1-0

[Event "Tournament 14471 - Europe Echecs"]
[Site "Europe Echecs"]
[Date "2020.07.09"]
[Round "4"]
[Time "15:35:07"]
[PlyCount "92"]
[White "DimeyGabertQue"]
[Black "AmiotTimothee"]
[WhiteElo "1758"]
[BlackElo "1240"]
[Mode "WEB"]
[Result "1-0"]

1. d4 d5 2. c4 dxc4 3. e3 Bf5 4. Bxc4 e6 5. Nf3 Nf6 6. O-O Nbd7 7. b3 Bd6 8. Bb2
O-O 9. Nbd2 c5 10. Re1 Qc7 11. e4 Bg4 12. e5 cxd4 13. exd6 Qxd6 14. Ne4 Qc7 15.
Nxf6+ Nxf6 16. Bxd4 Rfd8 17. Be5 Rxd1 18. Bxc7 Rd7 19. Be5 Rad8 20. Bxf6 gxf6
21. h3 Bf5 22. Nh4 Bg6 23. Nxg6 hxg6 24. Kf1 Kf8 25. Ke2 Rd2+ 26. Kf3 Ke7 27.
Re2 f5 28. Rxd2 Rxd2 29. Ke3 Rc2 30. a4 f6 31. Rd1 e5 32. g3 g5 33. Kf3 e4+ 34.
Kg2 e3 35. Re1 Rxf2+ 36. Kg1 f4 37. gxf4 gxf4 38. Re2 Rxe2 39. Bxe2 Ke6 40. h4
Kf5 41. Kg2 Kg6 42. Kf3 Kf5 43. Bd3+ Ke6 44. Kxf4 Kf7 45. Kxe3 Kg7 46. Kf4 {AmiotTimothee a abandonné} 1-0

[Event "Tournament 14471 - Europe Echecs"]
[Site "Europe Echecs"]
[Date "2020.07.09"]
[Round "4"]
[Time "15:35:07"]
[PlyCount "64"]
[White "GrimaultLeane"]
[Black "DibyJulien"]
[WhiteElo "1622"]
[BlackElo "1205"]
[Mode "WEB"]
[Result "1-0"]

1. c4 e6 2. g3 Nf6 3. Nc3 d5 4. Bg2 Bb4 5. Nf3 O-O 6. O-O Qe7 7. a3 Bxc3 8. bxc3
Rd8 9. cxd5 exd5 10. d3 c5 11. Bf4 Nc6 12. Rb1 b6 13. h3 Bb7 14. Qc2 d4 15. cxd4
Nxd4 16. Nxd4 Bxg2 17. Kxg2 Rxd4 18. Rfe1 Nd5 19. Bd2 Qb7 20. Kg1 Qa6 21. Bc3
Ra4 22. Bb2 Rc8 23. Qd2 b5 24. Rec1 b4 25. axb4 cxb4 26. Qg5 Nc3 27. Bxc3 bxc3
28. Qe5 Ra5 29. Qd4 Rac5 30. Rc2 Qb7 31. Rxb7 Rd8 32. Qxd8# {DibyJulien est échec et mat} 1-0

[Event "Tournament 14471 - Europe Echecs"]
[Site "Europe Echecs"]
[Date "2020.07.09"]
[Round "4"]
[Time "15:35:07"]
[PlyCount "105"]
[White "CoindreauElsa"]
[Black "KorchalovskiiM"]
[WhiteElo "1248"]
[BlackElo "1593"]
[Mode "WEB"]
[Result "0-1"]

1. e4 c6 2. d4 d5 3. Nc3 dxe4 4. Nxe4 Bf5 5. Nc3 Nf6 6. Nf3 e6 7. Bd3 Bg4 8. Be2
Nbd7 9. Bg5 Be7 10. O-O h6 11. Bxf6 Bxf6 12. Ne5 Bxe2 13. Qxe2 O-O 14. Rad1 Bxe5
15. dxe5 Qc7 16. Rfe1 Rad8 17. f4 Qb6+ 18. Qe3 Qxb2 19. Rb1 Qxc2 20. Rec1 Qg6
21. Rxb7 Nb6 22. Ne4 Nd5 23. Qf3 Qf5 24. Nd6 Qxf4 25. Qxf4 Nxf4 26. Rxa7 Ne2+
27. Kf2 Nxc1 28. Rc7 Nd3+ 29. Ke3 Nxe5 30. Ke4 Rxd6 31. Kxe5 Rd5+ 32. Ke4 c5 33.
a4 Rd4+ 34. Ke3 Rxa4 35. Rxc5 Rfa8 36. h3 Ra3+ 37. Ke4 Rg3 38. Rc2 Ra4+ 39. Ke5
Ra5+ 40. Kf4 Rag5 41. h4 R5g4+ 42. Ke5 Rxh4 43. Rc8+ Kh7 44. Kd6 Rxg2 45. Ke7
Rf2 46. Rf8 e5 47. Rxf7 Rxf7+ 48. Kxf7 e4 49. Ke6 e3 50. Kf5 e2 51. Ke6 e1=Q+
52. Kf7 Rf4# {CoindreauElsa est échec et mat} 0-1

[Event "Tournament 14471 - Europe Echecs"]
[Site "Europe Echecs"]
[Date "2020.07.09"]
[Round "4"]
[Time "15:35:07"]
[PlyCount "59"]
[White "AlunniBagarell"]
[Black "PoussetRaphael"]
[WhiteElo "1214"]
[BlackElo "1452"]
[Mode "WEB"]
[Result "0-1"]

1. e4 d6 2. d4 Nf6 3. Nc3 g6 4. Bg5 c6 5. Nf3 Nbd7 6. Qd2 b5 7. a3 Qb6 8. O-O-O
a5 9. Be2 b4 10. Na4 Qb7 11. b3 bxa3 12. e5 Nd5 13. exd6 exd6 14. Bc4 f6 15. Bh6
Bxh6 16. Qxh6 Kf7 17. Bxd5+ cxd5 18. Rhe1 Rb8 19. Ng5+ fxg5 20. Qxg5 Nf6 21. Re3
Rf8 22. Rde1 Bf5 23. Re7+ Qxe7 24. Rxe7+ Kxe7 25. Qe3+ Kf7 26. Qc3 Rfc8 27. Qxa5
Rxc2+ 28. Kb1 Rc5+ 29. Ka2 Rxa5 {AlunniBagarell a perdu au temps} 0-1

[Event "Tournament 14471 - Europe Echecs"]
[Site "Europe Echecs"]
[Date "2020.07.09"]
[Round "4"]
[Time "15:35:07"]
[PlyCount "56"]
[White "CastagnerolAmb"]
[Black "SemenovTimour"]
[WhiteElo "1451"]
[BlackElo "1227"]
[Mode "WEB"]
[Result "1-0"]

1. e4 e6 2. d4 d5 3. e5 c5 4. c3 Qb6 5. Nf3 Nc6 6. Be2 Bd7 7. O-O Nh6 8. Bxh6
Qxb2 9. Bxg7 Bxg7 10. Nbd2 cxd4 11. cxd4 Nxd4 12. Rb1 Nxf3+ 13. Nxf3 Qxa2 14.
Rxb7 Bc6 15. Rc7 Qa4 16. Qxa4 Bxa4 17. Ra1 Bd7 18. Raxa7 Rxa7 19. Rxa7 Kd8 20.
Ng5 Ke8 21. Nxf7 Kxf7 22. Rxd7+ Kf8 23. Rd8+ Kf7 24. Rxh8 Bxh8 25. f4 Kg6 26.
Kf2 Kf5 27. Kf3 Bg7 28. Bd3# {SemenovTimour est échec et mat} 1-0

[Event "Tournament 14471 - Europe Echecs"]
[Site "Europe Echecs"]
[Date "2020.07.09"]
[Round "4"]
[Time "15:35:07"]
[PlyCount "45"]
[White "SherpaHaarSchm"]
[Black "YaghiLeen"]
[WhiteElo "1150"]
[BlackElo "1438"]
[Mode "WEB"]
[Result "0-1"]

1. e4 c5 2. Nc3 e6 3. Nf3 d5 4. exd5 exd5 5. d4 Nf6 6. dxc5 Bxc5 7. Bg5 Bb4 8.
Bxf6 Qxf6 9. Qd3 Nc6 10. O-O-O Bxc3 11. bxc3 O-O 12. Qxd5 Qxc3 13. Bd3 Be6 14.
Qe4 f5 15. Qxe6+ Kh8 16. Bxf5 Rad8 17. Rxd8 Qa1+ 18. Kd2 Rxd8+ 19. Ke3 Qxh1 20.
Ng5 Qc1+ 21. Kf3 Qxg5 22. Be4 Nd4# {SherpaHaarSchm est échec et mat} 0-1

[Event "Tournament 14471 - Europe Echecs"]
[Site "Europe Echecs"]
[Date "2020.07.09"]
[Round "4"]
[Time "15:35:07"]
[PlyCount "124"]
[White "ChevillonCelia"]
[Black "SurninZoya"]
[WhiteElo "1433"]
[BlackElo "1192"]
[Mode "WEB"]
[Result "1-0"]

1. e4 e5 2. Nf3 Nc6 3. Bc4 Bc5 4. c3 Nf6 5. d3 O-O 6. Bg5 h6 7. Bh4 d6 8. Nbd2
Bg4 9. h3 Be6 10. Bb3 Na5 11. Bxe6 fxe6 12. b4 Bxb4 13. cxb4 Nc6 14. a3 d5 15.
O-O a6 16. Re1 Qe7 17. Bg3 Nd7 18. Re2 Rfe8 19. Qe1 b5 20. Nb3 Kh8 21. Rc1 Qd6
22. Qc3 Ndb8 23. exd5 exd5 24. Bxe5 Nxe5 25. Rxe5 Rxe5 26. Qxe5 Qxe5 27. Nxe5
Ra7 28. Ng6+ Kh7 29. Ne7 d4 30. Kf1 g6 31. Nc6 Nxc6 32. Rxc6 h5 33. Nxd4 Kh6 34.
Ne6 a5 35. Nxc7 axb4 36. axb4 Rb7 37. Rc5 Kg7 38. Nxb5 Kf7 39. Rc7+ Rxc7 40.
Nxc7 Ke7 41. Ke2 Kd7 42. Nd5 Kc6 43. Nf4 Kb5 44. Nxg6 Kxb4 45. Ke3 Kc5 46. Ke4
Kd6 47. d4 Ke6 48. d5+ Kd6 49. f4 h4 50. f5 Kd7 51. Ke5 Ke8 52. f6 Kf7 53. Nxh4
Ke8 54. Ke6 Kf8 55. Ng6+ Kg8 56. f7+ Kh7 57. Ke7 Kxg6 58. f8=Q Kh7 59. Qf5+ Kh8
60. Qg4 Kh7 61. Kf7 Kh6 62. Qg6# {SurninZoya est échec et mat} 1-0

[Event "Tournament 14471 - Europe Echecs"]
[Site "Europe Echecs"]
[Date "2020.07.09"]
[Round "4"]
[Time "15:35:07"]
[PlyCount "82"]
[White "DecotteThomas"]
[Black "KouamMaelis"]
[WhiteElo "1409"]
[BlackElo "1182"]
[Mode "WEB"]
[Result "1-0"]

1. c4 e6 2. d4 Nf6 3. Nf3 d5 4. e3 Be7 5. Nc3 O-O 6. cxd5 exd5 7. Bd3 Bd6 8. O-O
Na6 9. Ne5 c5 10. Qf3 Nb4 11. Bb5 Bd7 12. Nxd7 Nxd7 13. Bxd7 Qxd7 14. Nxd5 Nxd5
15. dxc5 Bxc5 16. Rd1 Rfd8 17. e4 Rac8 18. Rxd5 Qa4 19. Bg5 Rxd5 20. exd5 h6 21.
Qf4 Qxf4 22. Bxf4 Rd8 23. Rd1 g5 24. Bg3 f5 25. h3 f4 26. Bh2 Re8 27. g3 Re2 28.
gxf4 gxf4 29. Bxf4 Rxb2 30. d6 Bb6 31. d7 Rxa2 32. Be3 Bd8 33. Bxh6 Ra6 34. Be3
Rg6+ 35. Kf1 Kf7 36. Bxa7 Ke7 37. h4 Rh6 38. Be3 Ke6 39. Bxh6 Kf6 40. Bg5+ Kg6
41. Bxd8 {KouamMaelis a abandonné} 1-0

[Event "Tournament 14471 - Europe Echecs"]
[Site "Europe Echecs"]
[Date "2020.07.09"]
[Round "4"]
[Time "15:35:07"]
[PlyCount "74"]
[White "GhazaryanGurge"]
[Black "PousVictor"]
[WhiteElo "1403"]
[BlackElo "1167"]
[Mode "WEB"]
[Result "1-0"]

1. e4 e6 2. d4 d5 3. exd5 exd5 4. c4 Nf6 5. Nc3 Be6 6. b3 Nc6 7. Bg5 Bb4 8. Qc2
O-O 9. Nf3 h6 10. Bh4 dxc4 11. bxc4 Re8 12. Be2 Bg4 13. O-O Bxc3 14. Qxc3 Rxe2
15. d5 Ne7 16. Bxf6 gxf6 17. Qxf6 Nc8 18. Qxh6 Re7 19. Ng5 Bf5 20. g4 Bg6 21. f4
Qf8 22. Qh4 Qg7 23. Rae1 Rxe1 24. Rxe1 Nd6 25. c5 Nc4 26. f5 Bh7 27. Re7 Kf8 28.
Rxf7+ Qxf7 29. Nxf7 Bg8 30. Nh6 Bxd5 31. Qf6+ Ke8 32. Qh8+ Kd7 33. Qxa8 b6 34.
Qxd5+ Kc8 35. c6 b5 36. Qd7+ Kb8 37. Qd8# {PousVictor est échec et mat} 1-0

[Event "Tournament 14471 - Europe Echecs"]
[Site "Europe Echecs"]
[Date "2020.07.09"]
[Round "4"]
[Time "15:35:07"]
[PlyCount "76"]
[White "LhubertPierre"]
[Black "PommereulEmma"]
[WhiteElo "1390"]
[BlackElo "1161"]
[Mode "WEB"]
[Result "1-0"]

1. e4 e5 2. Nf3 Nc6 3. Nc3 Nf6 4. Bc4 Bc5 5. d3 d6 6. Bg5 Bg4 7. Nd5 Be6 8. Qd2
h6 9. Bh4 g5 10. Bg3 Nh5 11. Bb3 Nxg3 12. hxg3 Qd7 13. Nf6+ Ke7 14. Nxd7 Bxd7
15. O-O-O Rae8 16. Qe2 f6 17. Nd2 Kd8 18. Qh5 Bxf2 19. Qg6 Ref8 20. a3 Bxg3 21.
Rxh6 Nd4 22. Rdh1 Rhg8 23. Bxg8 b6 24. Rh8 Kc8 25. Bf7 Rxh8 26. Rxh8+ Kb7 27.
Bd5+ Ka6 28. Bc4+ Kb7 29. Qf7 Ba4 30. Qf8 Nxc2 31. Qb8+ Kc6 32. Qxa7 Nd4 33.
Qxa4+ Kc5 34. Nb3+ Nxb3+ 35. Qxb3 Bf4+ 36. Kb1 Be3 37. Qb5+ Kd4 38. Qd5# {PommereulEmma est échec et mat} 1-0

[Event "Tournament 14471 - Europe Echecs"]
[Site "Europe Echecs"]
[Date "2020.07.09"]
[Round "4"]
[Time "15:35:07"]
[PlyCount "58"]
[White "HammGabrielle"]
[Black "ChadiGillesMat"]
[WhiteElo "1359"]
[BlackElo "1156"]
[Mode "WEB"]
[Result "1-0"]

1. e4 e5 2. Nf3 Nc6 3. d4 exd4 4. Nxd4 Nxd4 5. Qxd4 b6 6. Nc3 Bb7 7. Bc4 Bc5 8.
Qd3 Bb4 9. Bd2 Bxc3 10. Bxc3 f6 11. O-O-O Ne7 12. f4 d6 13. Rhe1 Ng6 14. g3 Qe7
15. Bd5 O-O-O 16. Bxb7+ Kxb7 17. Qd5+ c6 18. Qb3 Qd7 19. a4 Rde8 20. a5 c5 21.
axb6 axb6 22. Ba5 Qc6 23. Bc3 Ra8 24. Qd5 Qxd5 25. Rxd5 Ne7 26. Rxd6 Rhd8 27.
Rxd8 Rxd8 28. Rd1 Ra8 29. Rd7+ {ChadiGillesMat a abandonné} 1-0

[Event "Tournament 14471 - Europe Echecs"]
[Site "Europe Echecs"]
[Date "2020.07.09"]
[Round "4"]
[Time "15:35:07"]
[PlyCount "79"]
[White "VerdierSolene"]
[Black "FalipMoralesTo"]
[WhiteElo "1150"]
[BlackElo "1344"]
[Mode "WEB"]
[Result "0-1"]

1. e4 e6 2. d4 d5 3. exd5 exd5 4. Nf3 Bd6 5. Nc3 c6 6. Bd3 Ne7 7. O-O O-O 8. Re1
Bf5 9. Rxe7 Bxd3 10. Re3 Bg6 11. Bd2 Nd7 12. Ne1 Qc7 13. Nf3 Rfe8 14. Rxe8+ Rxe8
15. Bg5 Bh5 16. h3 h6 17. Bh4 g5 18. Bg3 Bxg3 19. fxg3 Qxg3 20. Qd3 Bxf3 21.
Qxf3 Qxf3 22. gxf3 Re3 23. Kf2 Re6 24. Rg1 Kg7 25. h4 Kg6 26. hxg5 hxg5 27. f4
Rf6 28. Kf3 Rxf4+ 29. Ke3 Nf6 30. Ne2 Re4+ 31. Kf3 g4+ 32. Kf2 Kg5 33. c3 Nh5
34. Ng3 Nxg3 35. Rxg3 f5 36. Rg2 f4 37. a4 f3 38. Rg3 Kf4 39. Kf1 Kxg3 {VerdierSolene a perdu au temps} 0-1

[Event "Tournament 14471 - Europe Echecs"]
[Site "Europe Echecs"]
[Date "2020.07.09"]
[Round "4"]
[Time "15:35:07"]
[PlyCount "87"]
[White "TrogerEmma"]
[Black "FaidoliYannis"]
[WhiteElo "1122"]
[BlackElo "1333"]
[Mode "WEB"]
[Result "1/2-1/2"]

1. d4 c5 2. dxc5 e5 3. e3 Bxc5 4. Bd3 Nf6 5. c4 Nc6 6. Nc3 O-O 7. e4 d6 8. Nf3
Bg4 9. Be2 Bb4 10. Qc2 Qe7 11. O-O Rad8 12. a3 Bc5 13. b4 Bb6 14. Nd5 Nxd5 15.
cxd5 Bxf3 16. Bxf3 Nd4 17. Qd3 f5 18. Bb2 Nxf3+ 19. Qxf3 fxe4 20. Qxe4 Qf6 21.
Qe2 Qf7 22. Rad1 Rc8 23. a4 a6 24. a5 Ba7 25. Bc1 Qf5 26. Be3 Rc2 27. Rd2 Rxd2
28. Qxd2 Bxe3 29. Qxe3 e4 30. Qd2 Rc8 31. h3 Re8 32. Qd4 Re5 33. Rd1 h6 34. Qd2
Kh7 35. Qd4 Kh8 36. Qd2 Kg8 37. Qd4 Kh7 38. Qd2 Kg6 39. Qd4 Kf7 40. Qd2 Kg8 41.
Qd4 Kh8 42. Qd2 Kh7 43. Qd4 Kh8 {Nulle par répétition} 1/2-1/2

[Event "Tournament 14471 - Europe Echecs"]
[Site "Europe Echecs"]
[Date "2020.07.09"]
[Round "4"]
[Time "15:35:07"]
[PlyCount "105"]
[White "DelmasRaphael"]
[Black "BarbasStojicev"]
[WhiteElo "1325"]
[BlackElo "1150"]
[Mode "WEB"]
[Result "1/2-1/2"]

1. e4 e5 2. Nf3 Nc6 3. d4 exd4 4. Nxd4 Nf6 5. Nxc6 bxc6 6. Bd3 Bc5 7. O-O d6 8.
a4 Rb8 9. c3 a5 10. Qc2 O-O 11. Bg5 h6 12. Bh4 Be6 13. Rd1 Bb3 14. Qd2 Bxd1 15.
Qxd1 Rxb2 16. Nd2 Qe7 17. Nc4 Rbb8 18. Nxa5 Rb6 19. Rb1 Rxb1 20. Qxb1 d5 21.
Nxc6 Qd6 22. Bxf6 Qxf6 23. exd5 Bxf2+ 24. Kh1 Qxc3 25. a5 Re8 26. Bf1 Re1 27.
Qb5 Qc5 28. Qd3 Qe3 29. Qb5 h5 30. a6 Qc1 31. Ne7+ Kh7 32. Qd3+ g6 33. g3 Rxf1+
34. Kg2 Rg1+ 35. Kxf2 Qe1+ 36. Kf3 Qxe7 37. a7 Ra1 38. Qd4 c5 39. dxc6 Rxa7 40.
Kf4 Qc7+ 41. Kg5 Qe7+ 42. Kf4 Qc7+ 43. Kg5 Qxc6 44. Qxa7 Qd5+ 45. Kf4 Qf5+ 46.
Ke3 Qe5+ 47. Kf3 Qc3+ 48. Kf4 Kh6 49. Qxf7 g5+ 50. Ke4 Qb4+ 51. Ke5 Qc5+ 52. Ke4
Qb4+ {Nulle par accord mutuel} 1/2-1/2

[Event "Tournament 14471 - Europe Echecs"]
[Site "Europe Echecs"]
[Date "2020.07.09"]
[Round "4"]
[Time "15:35:07"]
[PlyCount "36"]
[White "MoussaNicolas"]
[Black "BrunEmilie"]
[WhiteElo "1102"]
[BlackElo "1320"]
[Mode "WEB"]
[Result "1-0"]

1. e4 e6 2. d4 d5 3. exd5 exd5 4. Nc3 Nf6 5. Nf3 Bd6 6. Bg5 Be7 7. Qe2 O-O 8.
O-O-O Re8 9. Re1 Bf5 10. Qe5 Nc6 11. Qxf5 h6 12. Bxf6 Bxf6 13. Bd3 Kf8 14. Qh7
Re6 15. Rxe6 fxe6 16. Re1 Qd7 17. Qh8+ Kf7 18. Qxa8 {BrunEmilie a abandonné} 1-0

[Event "Tournament 14471 - Europe Echecs"]
[Site "Europe Echecs"]
[Date "2020.07.09"]
[Round "4"]
[Time "15:35:07"]
[PlyCount "86"]
[White "ThibousMathis"]
[Black "RoubaudLouisAl"]
[WhiteElo "1313"]
[BlackElo "1101"]
[Mode "WEB"]
[Result "1-0"]

1. c4 e6 2. g3 d5 3. cxd5 Qxd5 4. Nf3 b6 5. Bg2 Bb7 6. Nh4 Qd8 7. Bxb7 Nc6 8.
Bxc6+ Ke7 9. Bxa8 Qxa8 10. Nf3 g5 11. O-O Nf6 12. b3 g4 13. Ba3+ Ke8 14. Bxf8
Kxf8 15. Ne5 Rg8 16. d4 Rg5 17. Nc3 Rh5 18. e3 Ke7 19. Nxg4 Nxg4 20. Qxg4 Rh6
21. Qe4 Qg8 22. d5 Qg5 23. dxe6 fxe6 24. Rad1 Qh5 25. Qh4+ Qxh4 26. gxh4 Rg6+
27. Kh1 Kf6 28. f4 Kf5 29. e4+ Kf6 30. Rg1 Rxg1+ 31. Rxg1 Ke7 32. Rg7+ Kd6 33.
Rxh7 Kc5 34. Rxc7+ Kd4 35. Nb5+ Kxe4 36. Rxa7 Kxf4 37. Re7 e5 38. h5 e4 39. h6
e3 40. h7 Kf3 41. h8=Q e2 42. Qc3+ Kf2 43. Rf7# {RoubaudLouisAl est échec et mat} 1-0

[Event "Tournament 14471 - Europe Echecs"]
[Site "Europe Echecs"]
[Date "2020.07.09"]
[Round "4"]
[Time "15:35:07"]
[PlyCount "76"]
[White "BourdelClement"]
[Black "GiraudDimitri"]
[WhiteElo "1308"]
[BlackElo "1087"]
[Mode "WEB"]
[Result "1-0"]

1. e4 e5 2. Nf3 Nc6 3. d4 exd4 4. Nxd4 Nxd4 5. Qxd4 Nf6 6. e5 Nh5 7. Be2 g6 8.
O-O d6 9. exd6 Qxd6 10. Qxh8 Nf6 11. Bg5 Ke7 12. Bxf6+ Qxf6 13. Qxf6+ Kxf6 14.
Nc3 Bc5 15. Bf3 c6 16. a3 Bf5 17. Be4 Bxe4 18. Nxe4+ Kg7 19. Nxc5 b6 20. Nb3 c5
21. Rad1 Re8 22. Rd7 a6 23. Ra7 c4 24. Nd2 Rd8 25. Nxc4 Rd4 26. Nxb6 Rd6 27.
Rxa6 Re6 28. h3 h5 29. c4 Rc6 30. Rc1 Kh7 31. b4 Kg7 32. b5 Rc5 33. Nd7 Rc7 34.
Ne5 Re7 35. Nc6 Rc7 36. c5 Kh7 37. Ra7 Rxa7 38. Nxa7 {GiraudDimitri a abandonné} 1-0

[Event "Tournament 14471 - Europe Echecs"]
[Site "Europe Echecs"]
[Date "2020.07.09"]
[Round "4"]
[Time "15:35:07"]
[PlyCount "151"]
[White "MilaGabriel"]
[Black "ChalonMaceo"]
[WhiteElo "1096"]
[BlackElo "1280"]
[Mode "WEB"]
[Result "0-1"]

1. e4 c5 2. d4 cxd4 3. c3 d3 4. Bxd3 Nf6 5. Nf3 Nc6 6. O-O d6 7. Re1 Bg4 8. h3
Bh5 9. Bg5 e6 10. Nbd2 h6 11. Bxf6 Qxf6 12. Qc2 Ne5 13. Nxe5 Qxe5 14. Nf3 Bxf3
15. gxf3 Qh5 16. Re3 Qxh3 17. Bb5+ Ke7 18. Rd1 Rd8 19. Qa4 a6 20. Bf1 Qh5 21.
Qb4 Qg5+ 22. Bg2 Rd7 23. Red3 Ke8 24. Qa4 Qb5 25. Qxb5 axb5 26. e5 d5 27. b3 Rc7
28. c4 bxc4 29. bxc4 Rxc4 30. Bf1 Ra4 31. Ra1 Be7 32. Rb3 Rb4 33. Rxb4 Bxb4 34.
Bb5+ Ke7 35. a4 Bc3 36. Ra2 Bxe5 37. a5 Ra8 38. Kf1 b6 39. a6 Kd6 40. Rc2 Bd4
41. Ke2 Bc5 42. f4 Ra7 43. f3 h5 44. Kd3 e5 45. fxe5+ Kxe5 46. Re2+ Kf4 47. Ra2
Kxf3 48. Bc6 h4 49. Bxd5+ Kf4 50. Bxf7 h3 51. Bd5 g5 52. Bh1 g4 53. Ke2 g3 54.
Ra4+ Kg5 55. Bf3 g2 56. Rg4+ Kf5 57. Rg3 g1=Q 58. Rxg1 Bxg1 59. Kf1 h2 60. Bb7
Rxa6 61. Kg2 Ra2+ 62. Kh1 Be3 63. Bg2 Bf4 64. Bf1 Ra1 65. Kg2 h1=Q+ 66. Kxh1
Rxf1+ 67. Kg2 Rc1 68. Kf3 Rc3+ 69. Ke2 Ke4 70. Kf2 Rc2+ 71. Ke1 Kd3 72. Kf1 Ke3
73. Kg1 Kf3 74. Kh1 Kg3 75. Kg1 Rc1# {MilaGabriel est échec et mat} 0-1